00410nam a2200157Ia 4500008004100000020001800041082001500059100001700074245006400091250000900155260002200164300001400186500002400200650001200224700001600236230524s9999 xx 000 0 und d a9788173666025 a5.133bSIE aKathy Sierra 0aHead First Java (Your Brain on Java- A Learner's Guide) 5.0 a28TH aMUMBAIbSPDc2010 aXXXII;688 aQuantity Number: 7 aComp-Sc a Bert Bates